Ashrae brochure on psychrometry/ (Record no. 549602)
[ view plain ]
| 000 -LEADER | |
|---|---|
| fixed length control field | 00482nam a22001457a 4500 |
| 020 ## - INTERNATIONAL STANDARD BOOK NUMBER | |
| International Standard Book Number | 0-910110-07-7 |
| 082 ## - DEWEY DECIMAL CLASSIFICATION NUMBER | |
| Classification number | 697.9315 |
| Author Mark | AME |
| -- | L-12, P-45 |
| 100 ## - MAIN ENTRY--PERSONAL NAME | |
| Personal name | A.S.H.R.A.E INC. |
| 9 (RLIN) | 46241 |
| 245 ## - TITLE STATEMENT | |
| Title | Ashrae brochure on psychrometry/ |
| Statement of responsibility, etc. | A.S.H.R.A.E INC. |
| 260 ## - PUBLICATION, DISTRIBUTION, ETC. | |
| Place of publication, distribution, etc. | Atlanta, |
| Name of publisher, distributor, etc. | American society of healthing, refrigerating and air conditioning engireeing |
| Date of publication, distribution, etc. | 1971. |
| 300 ## - PHYSICAL DESCRIPTION | |
| Extent | 167p.: |
| Other physical details | ill,; |
| Dimensions | 30 cm. |
| 526 ## - STUDY PROGRAM INFORMATION NOTE | |
| Program name | 0 |
| Interest level | 0 |
| Reading level | 0 |
| Title point value | 697_931500000000000_AME |
| 650 ## - SUBJECT ADDED ENTRY--TOPICAL TERM | |
| Topical term or geographic name entry element | MCE |
| 9 (RLIN) | 379 |
| 942 ## - ADDED ENTRY ELEMENTS (KOHA) | |
| Source of classification or shelving scheme | |
| Koha item type | Book |
| Withdrawn status | Lost status | Source of classification or shelving scheme | Damaged status | Not for loan | Permanent Location | Current Location | Date acquired | Total Checkouts | Full call number | Barcode | Date last seen | Price effective from | Koha item type |
|---|---|---|---|---|---|---|---|---|---|---|---|---|---|
| Military College of Engineering (MCE) | Military College of Engineering (MCE) | 09/30/2014 | 697.9315 AME | MCE-24617 | 09/30/2014 | 09/30/2014 | Book |
